Los partidos políticos y la modernización de 1968-80 /
Gespeichert in:
| 1. Verfasser: | |
|---|---|
| Format: | Text |
| Tags: |
Tag hinzufügen
Keine Tags, Fügen Sie den ersten Tag hinzu!
|
MARC
| LEADER | 00000 a a2200000 04500 | ||
|---|---|---|---|
| 001 | 5515 | ||
| 003 | |||
| 040 | |||
| 100 | |a Argones, Nelson O. | ||
| 245 | |a Los partidos políticos y la modernización de 1968-80 / |c Nelson O. Argones | ||
| 773 | |g número 4; páginas 50-72 | ||
| 999 | |c 23685 |d 23685 | ||
